Responses for Show #6537 - Tuesday, February 5, 2013

2013 Teen Tournament quarterfinal game 5.

Contestants

[<< previous game]

Joe Vertnik, a senior from Mound, Minnesota

Emily Greenberg, a senior from Westport, Connecticut

Barrett Block, a senior from Lexington, Kentucky

[next game >>]

Jeopardy! Round responses

SURPRISE! I GOT YOU A LANDMARK!
SPORTS STARS
19th CENTURY AMERICA
COMPLETES THE BOOK TITLE
GETTING NERVOUS
BEFORE FINALS
    $200 26
Buenos Aires

Barrett
    $200 21
the Dallas Cowboys

Emily
    $200 11
"The Star-Spangled Banner"

Barrett
    $200 4
The Kite Runner

Joe
    $200 1
butterflies

Joe
    $200 16
the javelin

Joe
    $400 27
the Parthenon

Barrett
    $400 22
Steve Nash

Joe
    $400 12
John Brown

Joe
    $400 5
Stars

Joe
    $400 2
jeebies

Barrett
    $400 17
Alaska

Barrett
    $600 28
Big Ben

Barrett
    $600 23
Robert Griffin III

Barrett
    $600 13
Mardi Gras

Joe
    $600 6
Titan

Barrett
    $600 3
pins & needles

Emily
    $600 18
Harry Potter and the Half-Blood Prince

Emily
    $800 29
the Great Wall of China

Barrett
    $800 24
Mike Trout

Triple Stumper
    $800 14
basketball

Barrett
    $800 7
Sea

Emily
    $800 9
cabin fever

Barrett
    $800 19
(Emily: What is Christmas?)
(Alex: No, "What is [*]?" Not the last, [*].)

Thanksgiving

Emily
    $1000 30
Versailles

Emily
    $1000 25
the bobsled

Barrett
    $1000 15
Henry Wadsworth Longfellow

Triple Stumper
    $1000 8
Restaurant

Emily
    $1000 10
strung

Emily
    $1000 20
the Czar of Russia

Barrett

Scores at the first commercial break (after clue 15):

Barrett Emily Joe
$2,800 $3,400 $1,800

Scores at the end of the Jeopardy! Round:

Barrett Emily Joe
$7,800 $4,400 $2,400

Double Jeopardy! Round responses

NEW IN MERRIAM-WEBSTER
(Alex: The dictionary.)
GOVERNMENT & POLITICS
POP CULTURE
HIGH SCHOOL GEOGRAPHY
A STUDENT OF HISTORY
"HY" FIVE
(Alex: "H-Y" coming up in each correct response.)
    $400 5
an aha! moment

Emily
    $400 14
the House

Barrett
    $400 4
(Barrett: What is Transformers?)

Avatar

BarrettEmily
    $400 1
Massachusetts

Joe
    $400 19
(John) Roberts

Joe
    $400 24
hygiene

Joe
    $800 6
a bucket list

Joe
    $800 15
Texas

Barrett
    $800 10
(Barrett: What is a mustache?)

a beard

BarrettJoe
    $800 2
the Mississippi River

Joe
    $800 20
Yale

Barrett
    $800 25
hydrate

Joe
    $1200 7
a song

Barrett
    $1200 16
the Surgeon-General

Barrett
    $1200 11
Minecraft

Emily
    $1200 3
(Alex: Right there in the heart of New York--[*].)

Manhattan

Triple Stumper
    $1200 21
Chris Berman

Triple Stumper
    $1200 26
(Emily: What is a hydrangea?)

hybrid

Emily
Triple Stumper
    $1600 8
an element

Joe
    $1600 17
marry

Joe
    $1600 12
Steve Harvey

Triple Stumper
    $1,000 29
Montgomery

Emily
    $1600 22
the civil rights movement

Barrett
    $1600 27
hydraulic

Barrett
    $2000 9
gassed

Emily
    $2000 18
Chris Christie

Joe
    $2000 13
the Neon Trees

Joe
    $2000 30
Cheyenne

Barrett
    $4,000 23
[Alex corrects Barrett's pronunciation of the first name, which Barrett pronounced as "ANN".]

Ayn Rand

Barrett
    $2000 28
(Joe: What is a hydrangea?)
...
(Alex: Yes, he eliminated hydrangea for you.)

a hyacinth

EmilyJoe

Scores at the end of the Double Jeopardy! Round:

Barrett Emily Joe
$20,200 $10,200 $12,000

Final Jeopardy! Round responses

SHORT STORIES
(Alex: It's a very famous story by Washington Irving about the Headless Horseman.)
...
(Alex: [To Barrett] Did he get [*]? Look at that smile. Yeah, and did he risk anything? Yeah, he risked enough. $3,801. He will be a semifinalist. Come on over here, Barrett. Congratulations to you.)
(Barrett: Thank you, sir.)
(Alex: Well done. And now, here are the other semifinalists who won their games...)
(Kelton: Kelton Ellis, Macon, Georgia.)
(Nilai: Nilai Sarda, Marietta, Georgia.)
(William: William Crouch, Warner Robins, Georgia.)
(Leonard: Leonard Cooper, Little Rock, Arkansas.)
(Alex: And remember, there are four wild card spots for high scorers who are not winners, and here they are...)
(Tori: Tori Amos, Englewood, Ohio.)
(Irene: Irene Vazquez, Houston, Texas.)
(Alex: And to those two, we should add the names of these two, ladies and gentlemen. Emily Greenberg and Joe Vertnik. Come on over here, you two.)
(Barrett: Yay, nice job.)
(Alex: Tomorrow, the first of our semifinal games, so please join us then, won't you? So long, everybody. Congratulations, you two.)
EmilyWhat is The Legend of Sleepy Hollow?
$8,000
JoeWhat is The legend of Sleepy Hollow?
$8,000
BarrettWhat is The Legend of Sleepy Hollow?
$3,801
"The Legend of Sleepy Hollow"

Final scores:

Barrett Emily Joe
$24,001 $18,200 $20,000
Automatic semifinalist 3rd place: $5,000 if eliminated 2nd place: $5,000 if eliminated

Game dynamics:

Coryat scores:

Barrett Emily Joe
$18,200 $11,600 $12,000
22 R
(including 1 DD),
2 W
13 R
(including 1 DD),
2 W
(including 1 DD)
18 R,
1 W

Combined Coryat: $41,800

[game clues] [game scores] [suggest correction]

Game tape date: 2012-11-19
The J! Archive is created by fans, for fans. Scraping, republication, monetization, and malicious use prohibited; this site may use cookies and collect identifying information. See terms. The Jeopardy! game show and all elements thereof, including but not limited to copyright and trademark thereto, are the property of Jeopardy Productions, Inc. and are protected under law. This website is not affiliated with, sponsored by, or operated by Jeopardy Productions, Inc. Join the discussion at JBoard.tv.